| 000 | 01003cam a2200349 a 4500 | ||
|---|---|---|---|
| 001 | 22816 | ||
| 003 | SK-KTurca | ||
| 005 | 20260428150823.0 | ||
| 008 | 240311s1984 xo gr 000 p slo | ||
| 015 | _aSNBA1985/01 | ||
| 020 | _q(viazané) | ||
| 035 | _aSNK000036057 | ||
| 035 | _a1C7BFC7C-FB23-4FEC-804D-30E0281ABBFF | ||
| 035 | _aurn:nbn:sk:snk-am00iew9 | ||
| 040 |
_aSNK _bslo _cSNK _eAACR2 |
||
| 041 | 0 | _aslo | |
| 044 |
_axo _cSK |
||
| 072 | 7 |
_a821.162.4-1 _xSlovenská poézia _2konspekt |
|
| 080 |
_a885.4-1 _21997 |
||
| 080 |
_a821.162.4-1 _22011 |
||
| 100 | 1 |
_aHevier, Daniel, _d1955- _4aut |
|
| 245 | 1 | 0 |
_aMuž hľadá more _cDaniel Hevier |
| 250 | _a1. vyd. | ||
| 260 |
_aBratislava _bSlovenský spisovateľ _c1984 _eBanská Bystrica _fTlačiarne SNP |
||
| 300 |
_a86 strán _c23 cm |
||
| 366 | _e2200 výtl. | ||
| 490 | 1 | _aNová poézia | |
| 655 | 7 |
_aslovenská poézia _2SNKPH |
|
| 830 | 0 | _aNová poézia | |
| 942 |
_2ddc _cKLDO _n0 |
||
| 999 |
_c22816 _d22816 |
||